| 000 | 00717nam a22002055i 4500 | ||
|---|---|---|---|
| 001 | 154097 | ||
| 003 | ES-MaACL | ||
| 005 | 20230906205523.0 | ||
| 008 | 011016s1896 fr |||| | fre d | ||
| 040 |
_aCAM _bspa _cCAM |
||
| 100 | 1 |
_aFinot, Louis. _9127083 |
|
| 245 | 1 | 4 |
_aLes lapidaires indiens / _cpar Louis Finot. |
| 260 |
_aParis : _blibrairie Émile Bouillon, _c1896 ( _eChalon-Sur-Saône : _fimp. française et orientale de L. Marceau) |
||
| 300 |
_aLII, 280 p. ; _c26 cm. |
||
| 490 | 1 |
_aBibliothèque des Hautes Etudes ; _v111 |
|
| 650 | 4 |
_aLapidarios- _zIndia. _9136341 |
|
| 830 | 0 |
_aBibliothèque des Hautes Etudes ; _v111 _9221457 |
|
| 852 |
_aES-MaACL _jC-7631 _z-- Enc. hol. |
||
| 999 |
_c154097 _d154097 |
||